| 000 | 00927nam a2200253 i 4500 | ||
|---|---|---|---|
| 001 | bg | ||
| 100 | 1 | _aPIASTA, Jerzy | |
| 245 | 1 | 0 |
_aBeton zwykły : _bdobór kruszyw i cementów, projektowanie betonu, trwałość betonu, odporność chemiczna i termiczna / _cJerzy Piasta, Wojciech Grzegorz Piasta. |
| 250 | _a[Wyd. 2]. | ||
| 260 |
_aWarszawa : _b"Arkady", _c1997. |
||
| 300 |
_a200 s. : _bfot., rys., wykr. ; _c25 cm. |
||
| 504 | _aBibliogr. s. 191-200. | ||
| 521 | _aDla inżynierów zatrudnionych w budownictwie i przemyśle materiałów budowlanych, pracowników laboratoriów budowlanych i studentów wyższych szkół tech. | ||
| 650 | 9 | _aBeton | |
| 655 | _aPodręczniki akademickie | ||
| 700 | 1 | _aPIASTA, Wojciech Grzegorz | |
| 020 | _a8321338895 | ||
| 040 | _cBPK | ||
| 041 | 0 | _apl | |
| 080 | _a666.97/.98(075.8) | ||
| 920 | _a83-213-3889-5 | ||
| 942 | _cKS | ||
| 008 | s pl f |000 0 pol | ||
| 999 |
_c34063 _d34063 |
||
| 856 |
_uhttp://koha.tu.koszalin.pl/cgi-bin/koha/opac-detail.pl?biblionumber=34063 _yKatalog online BPK |
||